00841nam a2200253 i 450000100060000000300090000600500170001500700030003200800410003502000180007608000110009410000200010524502140012526000400033930000330037949000120041250000140042450400200043865000290045870000330048770000340052083000120055485200210056672850ES-MaACL20250927162916.0t|040903s1980 sp f |||| | spa d a84-252-1011-9 a745.011 aGombrich, E. H.13aEl sentido de orden b: estudio sobre la psicología de las artes decorativas / cE.H. Gombrich ; versión castellana de Esteve Riambau i Sauri ; revisión bibliográfica por Joaquím Romaguera i Ramió. aBarcelona : bGustavo Gili, c1980. a498 p., 36 lám. ; c25 cm.1 aGG Arte aÍndice. aBibliografía. 7aArtes decorativas2embne1 aRiambau, Esteve, d1925-19941 aRomaguera i Ramió, Joaquim.0 aGG Arte aES-MaACLjL-9457